[Event "10th LCC FIDE Open 2018"]
[Site "London"]
[Date "2018.12.15"]
[Round "8"]
[White "Stigar, Petter"]
[Black "Grigoryan, Meri"]
[Result "1-0"]
[WhiteElo "2171"]
[BlackElo "2054"]
[Annotator "TA"]
[PlyCount "161"]
[EventDate "2018.12.09"]
[EventType "swiss"]
[EventCountry "ENG"]
[SourceTitle "playchess.com"]
[Source "ChessBase"]
[SourceQuality "1"]

{[%evp 18,161,58,60,66,57,53,29,61,29,50,55,56,58,71,23,79,76,85,57,68,64,72,52,70,66,80,63,62,34,39,62,70,61,61,61,62,62,94,62,71,62,89,90,90,62,100,62,81,72,78,63,66,57,46,16,58,25,108,0,90,35,75,41,62,60,61,62,63,62,99,89,91,62,114,61,56,65,54,65,150,137,162,68,67,66,91,50,50,50,50,50,51,51,54,54,58,31,34,31,38,35,201,201,145,49,264,262,202,230,435,447,545,332,534,518,481,458,790,772,768,769,669,667,604,595,1388,1123,1281,1214,1756,1665,1428,1364,5277,5185,2924,3038,29979,6423,29983,29984,29984,29985,29988,29989]} 1. e4 d5 2. exd5 Qxd5 3. Nc3 Qd6 4. d4 Nf6 5. Nf3 a6 6. Bd3 {B01: Scandinavian Defence} Bg4 7. h3 Bh5 8. Ne4 (8. O-O Nc6 9. Ne4 Nxe4 10. Bxe4 e6 11. c3 Bg6 12. Bxc6+ Qxc6 13. Ne5 Qb6 {1-0 (58) Anand,V (2767)-Demidov,M (2523) chess.com INT 2018}) 8... Nxe4 9. Bxe4 Nc6 10. c3 {LiveBook: 3 Games} Bg6 11. Qe2 e6 12. O-O Be7 13. Nd2 $146 {[%cal Bf3d2,Bd2c4,Bc4e5][%mdl 32]} ({Predecessor:} 13. Re1 Bxe4 14. Qxe4 {1-0 (45) Erdogdu,M (2440)-Aepfler,C (2331) Pardubice 2008}) 13... Qd7 14. Bf3 O-O 15. Nc4 Rad8 16. Bf4 Rfe8 (16... b5 $11) 17. Rfd1 $16 Bf8 18. Rd2 Qc8 19. Bxc6 bxc6 20. Ne5 Bd6 21. Rad1 f6 22. Nxg6 hxg6 23. Qe4 (23. Be3 {is interesting.} a5 24. b3 Kf7 25. c4 Qa6 26. Qf3) 23... Bxf4 24. Qxf4 Qd7 25. a3 Qd6 26. Qg4 Kf7 27. Rd3 Rh8 28. Qe2 Qd5 29. Re3 Ra8 30. Re1 {[%cal Re3e6]} Rhe8 31. Qc2 Rab8 32. R1e2 Qf5 33. Re4 Qb5 34. Qd2 Qd5 35. R4e3 Rbd8 36. Qd3 Qb5 37. Qc2 Qd5 (37... c5 $11) 38. Re1 Rb8 39. R3e2 (39. b4 $16) 39... Qf5 40. Qd2 Qd5 41. Qf4 Qd6 42. Qe4 Qd5 43. Qd3 $36 {[%mdl 2048] White is more active.} Qb5 44. Qg3 {Strongly threatening Rxe6!} Rbc8 45. Rd2 Qc4 ({Black should try} 45... Re7 $14) 46. Qf4 (46. Re4 $1 $16) 46... Re7 $14 47. Re5 Rb8 48. Rc5 Qa4 (48... Qa2 $14) 49. Qe4 Rb6 50. Qc2 ({White should play} 50. Kh2 $18) 50... Qxc2 51. Rxc2 {[%mdl 4096] Endgame KRR-KRR} Rd7 52. f4 Rd5 53. b4 Rxc5 54. dxc5 {KR-KR} Rb8 55. Rd2 {Black must now prevent Rd7+.} Ke7 56. Kf2 Ra8 57. Rd3 e5 58. fxe5 fxe5 59. Ke3 Rf8 $2 ({Better is} 59... Ke6 $14) 60. Ke4 $18 Ke6 61. Rf3 (61. Rg3 $1 $16 {[%cal Rg3g6]} Rf4+ 62. Ke3) 61... Rd8 $2 (61... Rh8 $14) 62. Rg3 $1 {[%cal Rg3g6]} Kf6 {[#]} 63. Rd3 $1 {[%cal Rd3d8]} Ra8 $2 (63... Rc8 64. Rd7 g5) 64. Rd7 Ra7 65. g3 a5 $2 {[#]} (65... g5 66. a4 Rb7) 66. h4 $1 axb4 67. axb4 Ra1 (67... Rb7 $142 68. g4 g5 69. hxg5+ Ke6) 68. Rxc7 Re1+ 69. Kf3 e4+ 70. Kf2 Rc1 71. Rxc6+ Kf5 72. b5 {[%cal Bb4b5,Bb5b6,Bb6b7][%mdl 32]} Rc2+ 73. Ke1 e3 74. Rc8 Ke4 75. Re8+ Kd3 76. Rd8+ Ke4 77. b6 Rc1+ 78. Rd1 Rxc3 79. b7 {White mates.} Rb3 80. c6 {[%cal Bc5c6,Bc6c7][%mdl 32]} Kf3 81. c7 {Accuracy: White = 48%, Black = 35%.} 1-0

[Event "10th LCC FIDE Open 2018"]
[Site "London"]
[Date "2018.12.15"]
[Round "8"]
[White "Eames, Robert S"]
[Black "Kueppers, Timo"]
[Result "0-1"]
[WhiteElo "2167"]
[BlackElo "2320"]
[Annotator "NA"]
[PlyCount "82"]
[EventDate "2018.12.09"]
[EventType "swiss"]
[EventCountry "ENG"]
[SourceTitle "playchess.com"]
[Source "ChessBase"]
[SourceQuality "1"]
[TimeControl "40/5400+30:1800+30"]

1. e4 {[%emt 0:15:45]} c5 {[%emt 0:00:00]} 2. Nf3 {[%emt 0:00:12]} d6 {[%emt 0:00:00]} 3. d4 {[%emt 0:00:23]} cxd4 {[%emt 0:00:01]} 4. Nxd4 {[%emt 0:00:07]} Nf6 {[%emt 0:00:03]} 5. Nc3 {[%emt 0:00:12]} a6 {[%emt 0:00:03]} 6. Bg5 {[%emt 0:01:06]} Nbd7 {[%emt 0:00:05]} 7. Qe2 {[%emt 0:00:15]} h6 {[%emt 0:00:06]} 8. Bh4 {[%emt 0:02:40]} g6 {[%emt 0:00:04]} 9. O-O-O {[%emt 0:03:29]} e5 {[%emt 0:00:28]} 10. Nb3 {[%emt 0:01:55]} Be7 {[%emt 0:05:42]} 11. f3 {[%emt 0:02:27]} b5 {[%emt 0:03:25]} 12. Bf2 {[%emt 0:03:27]} Bb7 {[%emt 0:01:13]} 13. a3 {[%emt 0:01:52]} Kf8 {[%emt 0:03:53]} 14. Kb1 {[%emt 0:03:03]} Kg7 {[%emt 0:00:14]} 15. g4 {[%emt 0:00:18]} Rc8 {[%emt 0:09:27]} 16. Qe3 {[%emt 0:02:33]} Qc7 {[%emt 0:03:28]} 17. h4 {[%emt 0:05:15]} d5 {[%emt 0:16:47]} 18. exd5 {[%emt 0:03:18]} b4 {[%emt 0:02:01]} 19. axb4 {[%emt 0:00:59]} Bxb4 {[%emt 0:00:25]} 20. d6 {[%emt 0:03:26]} Qc6 {[%emt 0:04:24]} 21. Rh3 {[%emt 0:09:42]} Bxc3 {[%emt 0:12:40]} 22. Qxc3 {[%emt 0:00:30]} Qxc3 {[%emt 0:00:37]} 23. bxc3 {[%emt 0:00:04]} Rxc3 {[%emt 0:01:14]} 24. Bd3 {[%emt 0:01:18]} Rc6 {[%emt 0:08:16]} 25. Be2 {[%emt 0:07:17]} Rc3 {[%emt 0:04:35]} 26. Bd3 {[%emt 0:08:46]} Nd5 {[%emt 0:07:37]} 27. Be1 {[%emt 0:03:27]} Rc6 {[%emt 0:02:01]} 28. Be4 {[%emt 0:01:05]} Rxd6 {[%emt 0:01:12]} 29. c4 {[%emt 0:04:27]} Nc3+ {[%emt 0:00:45]} 30. Bxc3 {[%emt 0:00:06]} Bxe4+ {[%emt 0:02:16]} 31. Kc1 {[%emt 0:00:17]} Rxd1+ {[%emt 0:00:10]} 32. Kxd1 {[%emt 0:00:06]} Bd3 {[%emt 0:01:26]} 33. Nd2 {[%emt 0:06:20]} Rc8 {[%emt 0:00:24]} 34. f4 {[%emt 0:00:34]} Bxc4 {[%emt 0:00:21]} 35. Nxc4 {[%emt 0:01:05]} Rxc4 {[%emt 0:00:05]} 36. fxe5 {[%emt 0:00:08]} Kf8 {[%emt 0:00:10]} 37. g5 {[%emt 0:00:41]} h5 {[%emt 0:00:32]} 38. Bb2 {[%emt 0:02:52]} Ke7 {[%emt 0:03:46]} 39. Ra3 {[%emt 0:01:16]} Rc6 {[%emt 0:04:01]} 40. Ra5 {[%emt 0:01:27]} Ke6 {[%emt 0:00:34]} 41. Kd2 {[%emt 0:30:44]} Nb6 {[%emt 0:30:57]} 0-1

[Event "10th LCC FIDE Open 2018"]
[Site "London"]
[Date "2018.12.15"]
[Round "8"]
[White "Beckett, Chris J"]
[Black "Lewtak, Damian"]
[Result "0-1"]
[WhiteElo "2165"]
[BlackElo "2393"]
[Annotator "NA"]
[PlyCount "70"]
[EventDate "2018.12.09"]
[EventType "swiss"]
[EventCountry "ENG"]
[SourceTitle "playchess.com"]
[Source "ChessBase"]
[SourceQuality "1"]
[TimeControl "40/5400+30:1800+30"]

1. d4 {[%emt 0:00:23]} g6 {[%emt 0:00:00]} 2. c4 {[%emt 0:00:18]} Bg7 {[%emt 0:00:00]} 3. Nc3 {[%emt 0:00:45]} d6 {[%emt 0:00:00]} 4. e4 {[%emt 0:05:25]} e5 {[%emt 0:00:00]} 5. Nf3 {[%emt 0:00:23]} Bg4 {[%emt 0:04:50]} 6. d5 {[%emt 0:03:16]} a5 {[%emt 0:05:25]} 7. Bd3 {[%emt 0:03:38]} Na6 {[%emt 0:00:46]} 8. O-O {[%emt 0:01:33]} Ne7 {[%emt 0:03:42]} 9. h3 {[%emt 0:18:12]} Bd7 {[%emt 0:00:12]} 10. a3 {[%emt 0:08:24]} O-O {[%emt 0:09:39]} 11. Rb1 {[%emt 0:01:28]} f5 {[%emt 0:07:19]} 12. b4 {[%emt 0:04:26]} f4 {[%emt 0:01:37]} 13. Ne1 {[%emt 0:00:51]} g5 {[%emt 0:02:02]} 14. Be2 {[%emt 0:01:03]} Kh8 {[%emt 0:08:31]} 15. Nd3 {[%emt 0:00:56]} Ng8 {[%emt 0:04:28]} 16. Bd2 {[%emt 0:02:48]} axb4 {[%emt 0:01:15]} 17. axb4 {[%emt 0:00:09]} Nf6 {[%emt 0:00:40]} 18. Be1 {[%emt 0:01:49]} Qe8 {[%emt 0:00:43]} 19. f3 {[%emt 0:03:34]} b6 {[%emt 0:05:02]} 20. Ra1 {[%emt 0:15:46]} Qg6 {[%emt 0:02:08]} 21. Ra3 {[%emt 0:02:31]} g4 {[%emt 0:00:08]} 22. hxg4 {[%emt 0:01:11]} h5 {[%emt 0:00:15]} 23. Qa1 {[%emt 0:04:16]} hxg4 {[%emt 0:01:07]} 24. fxg4 {[%emt 0:00:30]} Nxe4 {[%emt 0:07:45]} 25. Rxa6 {[%emt 0:02:19]} Rxa6 {[%emt 0:00:07]} 26. Qxa6 {[%emt 0:00:04]} Ng5 {[%emt 0:00:04]} 27. Qa3 {[%emt 0:07:41]} Bf6 {[%emt 0:06:33]} 28. Nf2 {[%emt 0:00:27]} e4 {[%emt 0:01:27]} 29. Ncxe4 {[%emt 0:00:24]} Nxe4 {[%emt 0:00:24]} 30. Bd3 {[%emt 0:00:18]} Bd4 {[%emt 0:01:09]} 31. Bc3 {[%emt 0:00:28]} Bxc3 {[%emt 0:00:19]} 32. Bxe4 {[%emt 0:03:24]} Qg7 {[%emt 0:00:08]} 33. Rc1 {[%emt 0:01:11]} Bd4 {[%emt 0:00:07]} 34. Qh3+ {[%emt 0:00:22]} Kg8 {[%emt 0:00:06]} 35. Bf3 {[%emt 0:02:31]} Bxf2+ {[%emt 0:00:50]} 0-1

[Event "10th LCC FIDE Open 2018"]
[Site "London"]
[Date "2018.12.15"]
[Round "8"]
[White "Czopor, Maciej"]
[Black "Barrish, Daniel"]
[Result "1-0"]
[WhiteElo "2164"]
[BlackElo "2252"]
[Annotator "NA"]
[PlyCount "63"]
[EventDate "2018.12.09"]
[EventType "swiss"]
[EventCountry "ENG"]
[SourceTitle "playchess.com"]
[Source "ChessBase"]
[SourceQuality "1"]
[TimeControl "40/5400+30:1800+30"]

1. e4 {[%emt 0:00:00]} c5 {[%emt 0:08:04]} 2. Nf3 {[%emt 0:00:00]} e6 {[%emt 0:00:06]} 3. d4 {[%emt 0:00:00]} cxd4 {[%emt 0:00:04]} 4. Nxd4 {[%emt 0:00:00]} a6 {[%emt 0:00:49]} 5. c4 {[%emt 0:00:07]} Nf6 {[%emt 0:00:14]} 6. Nc3 {[%emt 0:00:08]} Qc7 {[%emt 0:00:21]} 7. Be2 {[%emt 0:00:55]} Bb4 {[%emt 0:01:16]} 8. Nc2 {[%emt 0:00:56]} Bxc3+ {[%emt 0:06:50]} 9. bxc3 {[%emt 0:00:09]} Nxe4 {[%emt 0:04:58]} 10. Qd4 {[%emt 0:00:08]} Nf6 {[%emt 0:00:54]} 11. Bf4 {[%emt 0:00:08]} Qa5 {[%emt 0:02:10]} 12. Bd6 {[%emt 0:03:26]} Nc6 {[%emt 0:03:02]} 13. Qd3 {[%emt 0:13:43]} Qg5 {[%emt 0:09:54]} 14. O-O {[%emt 0:06:21]} Qg6 {[%emt 0:00:44]} 15. Qd1 {[%emt 0:06:35]} Ng8 {[%emt 0:06:21]} 16. Bf3 {[%emt 0:07:22]} Nge7 {[%emt 0:01:25]} 17. Ne3 {[%emt 0:02:28]} Nf5 {[%emt 0:07:25]} 18. Nxf5 {[%emt 0:02:10]} Qxf5 {[%emt 0:00:13]} 19. Re1 {[%emt 0:11:02]} f6 {[%emt 0:02:43]} 20. Re3 {[%emt 0:04:35]} Kf7 {[%emt 0:03:02]} 21. c5 {[%emt 0:01:21]} g6 {[%emt 0:03:37]} 22. h4 {[%emt 0:01:55]} h5 {[%emt 0:08:38]} 23. c4 {[%emt 0:21:43]} e5 {[%emt 0:01:02]} 24. Be4 {[%emt 0:05:01]} Qg4 {[%emt 0:01:39]} 25. Qd5+ {[%emt 0:00:35]} Qe6 {[%emt 0:01:01]} 26. Qd3 {[%emt 0:00:30]} Ne7 {[%emt 0:00:56]} 27. Bxe7 {[%emt 0:01:50]} Kxe7 {[%emt 0:00:26]} 28. Rb1 {[%emt 0:02:00]} d6 {[%emt 0:04:21]} 29. Rb6 {[%emt 0:00:46]} Rd8 {[%emt 0:00:33]} 30. cxd6+ {[%emt 0:00:58]} Rxd6 {[%emt 0:01:11]} 31. Qa3 {[%emt 0:00:11]} Bd7 {[%emt 0:00:43]} 32. Bd5 {[%emt 0:00:21]} 1-0

[Event "10th LCC FIDE Open 2018"]
[Site "London"]
[Date "2018.12.15"]
[Round "8"]
[White "Georgescu, Lena"]
[Black "Signorelli, Gaetano"]
[Result "1-0"]
[WhiteElo "2162"]
[BlackElo "2222"]
[Annotator "NA"]
[PlyCount "89"]
[EventDate "2018.12.09"]
[EventType "swiss"]
[EventCountry "ENG"]
[SourceTitle "playchess.com"]
[Source "ChessBase"]
[SourceQuality "1"]
[TimeControl "40/5400+30:1800+30"]

1. e4 {[%emt 0:00:00]} d5 {[%emt 0:00:00]} 2. exd5 {[%emt 0:00:00]} Nf6 {[%emt 0:00:00]} 3. d4 {[%emt 0:00:11]} Bg4 {[%emt 0:00:00]} 4. Bb5+ {[%emt 0:00:41]} Nbd7 {[%emt 0:00:29]} 5. Be2 {[%emt 0:00:04]} Bxe2 {[%emt 0:00:54]} 6. Qxe2 {[%emt 0:00:14]} Nxd5 {[%emt 0:00:29]} 7. Nf3 {[%emt 0:00:09]} g6 {[%emt 0:01:03]} 8. O-O {[%emt 0:00:59]} Bg7 {[%emt 0:00:22]} 9. c4 {[%emt 0:01:59]} N5f6 {[%emt 0:00:54]} 10. Nc3 {[%emt 0:07:47]} O-O {[%emt 0:01:11]} 11. Bg5 {[%emt 0:02:19]} Re8 {[%emt 0:05:37]} 12. Rad1 {[%emt 0:00:50]} c6 {[%emt 0:03:36]} 13. Rfe1 {[%emt 0:02:07]} h6 {[%emt 0:04:34]} 14. Bh4 {[%emt 0:06:32]} Qa5 {[%emt 0:02:42]} 15. Ne5 {[%emt 0:09:48]} e6 {[%emt 0:07:04]} 16. a3 {[%emt 0:04:32]} c5 {[%emt 0:06:35]} 17. Nxd7 {[%emt 0:14:11]} Nxd7 {[%emt 0:00:07]} 18. dxc5 {[%emt 0:00:27]} Bxc3 {[%emt 0:06:35]} 19. bxc3 {[%emt 0:00:11]} Nxc5 {[%emt 0:00:13]} 20. Bf6 {[%emt 0:00:58]} Kh7 {[%emt 0:08:10]} 21. Qd2 {[%emt 0:22:53]} Rac8 {[%emt 0:09:10]} 22. Qf4 {[%emt 0:05:42]} e5 {[%emt 0:03:31]} 23. Bxe5 {[%emt 0:02:20]} f5 {[%emt 0:01:01]} 24. h4 {[%emt 0:03:31]} Rf8 {[%emt 0:02:14]} 25. Rd6 {[%emt 0:02:06]} Rce8 {[%emt 0:07:05]} 26. Red1 {[%emt 0:03:47]} Rf7 {[%emt 0:01:31]} 27. R1d5 {[%emt 0:05:12]} Qxa3 {[%emt 0:04:55]} 28. h5 {[%emt 0:00:44]} g5 {[%emt 0:01:10]} 29. Qd4 {[%emt 0:00:41]} Ne6 {[%emt 0:03:54]} 30. Qd2 {[%emt 0:02:08]} Ng7 {[%emt 0:15:50]} 31. Qd4 {[%emt 0:01:24]} Ne6 {[%emt 0:00:49]} 32. Qd3 {[%emt 0:00:37]} Qc1+ {[%emt 0:00:43]} 33. Qd1 {[%emt 0:00:49]} Qxd1+ {[%emt 0:00:49]} 34. Rxd1 {[%emt 0:00:00]} a6 {[%emt 0:02:36]} 35. Rb6 {[%emt 0:00:29]} Rd8 {[%emt 0:00:43]} 36. Rd5 {[%emt 0:00:26]} Rxd5 {[%emt 0:00:42]} 37. cxd5 {[%emt 0:00:02]} Ng7 {[%emt 0:00:32]} 38. c4 {[%emt 0:01:05]} Nxh5 {[%emt 0:00:33]} 39. c5 {[%emt 0:00:10]} Ng7 {[%emt 0:00:30]} 40. c6 {[%emt 0:00:34]} bxc6 {[%emt 0:00:23]} 41. dxc6 {[%emt 0:03:58]} Ne6 {[%emt 0:01:25]} 42. Rxa6 {[%emt 0:03:40]} Re7 {[%emt 0:06:45]} 43. Rb6 {[%emt 0:01:47]} Nc5 {[%emt 0:03:37]} 44. c7 {[%emt 0:03:11]} Re8 {[%emt 0:00:07]} 45. Rb8 {[%emt 0:00:28]} 1-0

[Event "10th LCC FIDE Open 2018"]
[Site "London"]
[Date "2018.12.15"]
[Round "8"]
[White "Woong, Zhi Wei William"]
[Black "Hill, Alistair"]
[Result "1-0"]
[WhiteElo "2146"]
[BlackElo "2219"]
[Annotator "NA"]
[PlyCount "105"]
[EventDate "2018.12.09"]
[EventType "swiss"]
[EventCountry "ENG"]
[SourceTitle "playchess.com"]
[Source "ChessBase"]
[SourceQuality "1"]
[TimeControl "40/5400+30:1800+30"]

1. e4 {[%emt 0:00:23]} c5 {[%emt 0:00:00]} 2. Nf3 {[%emt 0:00:50]} Nc6 {[%emt 0:00:00]} 3. Bb5 {[%emt 0:00:11]} g6 {[%emt 0:00:00]} 4. O-O {[%emt 0:02:29]} Bg7 {[%emt 0:00:00]} 5. c3 {[%emt 0:02:04]} Nf6 {[%emt 0:00:07]} 6. Re1 {[%emt 0:02:28]} O-O {[%emt 0:00:33]} 7. d4 {[%emt 0:03:03]} d5 {[%emt 0:00:25]} 8. e5 {[%emt 0:05:40]} Ne4 {[%emt 0:00:47]} 9. Nbd2 {[%emt 0:01:20]} cxd4 {[%emt 0:00:20]} 10. cxd4 {[%emt 0:01:08]} Qb6 {[%emt 0:00:06]} 11. Bxc6 {[%emt 0:09:47]} Qxc6 {[%emt 0:00:44]} 12. Qe2 {[%emt 0:04:50]} Nxd2 {[%emt 0:29:34]} 13. Bxd2 {[%emt 0:03:57]} Qb6 {[%emt 0:00:50]} 14. Bg5 {[%emt 0:07:31]} Re8 {[%emt 0:07:14]} 15. b3 {[%emt 0:08:31]} h6 {[%emt 0:03:03]} 16. Be3 {[%emt 0:01:48]} Bf5 {[%emt 0:11:22]} 17. Rec1 {[%emt 0:07:54]} Rac8 {[%emt 0:00:54]} 18. Qd2 {[%emt 0:05:05]} g5 {[%emt 0:06:24]} 19. h4 {[%emt 0:03:33]} g4 {[%emt 0:00:10]} 20. Nh2 {[%emt 0:00:49]} Rxc1+ {[%emt 0:16:56]} 21. Rxc1 {[%emt 0:00:19]} Rc8 {[%emt 0:00:01]} 22. Nf1 {[%emt 0:02:15]} Rxc1 {[%emt 0:08:49]} 23. Qxc1 {[%emt 0:00:07]} Qc6 {[%emt 0:00:02]} 24. Qa3 {[%emt 0:05:45]} e6 {[%emt 0:07:03]} 25. Qxa7 {[%emt 0:00:22]} Qc8 {[%emt 0:01:26]} 26. Ng3 {[%emt 0:04:23]} Bg6 {[%emt 0:00:07]} 27. Qa5 {[%emt 0:02:54]} Kh7 {[%emt 0:01:35]} 28. Qd2 {[%emt 0:03:59]} Bf8 {[%emt 0:00:32]} 29. h5 {[%emt 0:01:59]} Bb1 {[%emt 0:00:42]} 30. Qe2 {[%emt 0:02:29]} Qc7 {[%emt 0:03:18]} 31. Qb2 {[%emt 0:04:24]} Bd3 {[%emt 0:00:50]} 32. Nf1 {[%emt 0:00:53]} Qa5 {[%emt 0:00:50]} 33. Bd2 {[%emt 0:02:03]} Qa3 {[%emt 0:01:09]} 34. Bc1 {[%emt 0:01:12]} Qa6 {[%emt 0:00:17]} 35. Ne3 {[%emt 0:00:25]} Bf5 {[%emt 0:00:48]} 36. Nxf5 {[%emt 0:00:14]} exf5 {[%emt 0:00:01]} 37. Qc2 {[%emt 0:00:13]} Qe6 {[%emt 0:00:35]} 38. a4 {[%emt 0:00:36]} Be7 {[%emt 0:00:33]} 39. Bd2 {[%emt 0:00:31]} Bg5 {[%emt 0:00:44]} 40. Bxg5 {[%emt 0:00:23]} hxg5 {[%emt 0:00:02]} 41. b4 {[%emt 0:30:40]} Kh6 {[%emt 0:30:43]} 42. b5 {[%emt 0:00:00]} Qb6 {[%emt 0:00:00]} 43. Qc5 {[%emt 0:00:00]} Qa5 {[%emt 0:00:00]} 44. Qf8+ {[%emt 0:00:00]} Kxh5 {[%emt 0:00:00]} 45. Qxf7+ {[%emt 0:00:00]} Kh6 {[%emt 0:00:00]} 46. Qf6+ {[%emt 0:00:00]} Kh5 {[%emt 0:00:00]} 47. Qxf5 {[%emt 0:00:00]} g3 {[%emt 0:00:00]} 48. Qh7+ {[%emt 0:00:00]} Kg4 {[%emt 0:00:00]} 49. Qh3+ {[%emt 0:00:00]} Kf4 {[%emt 0:00:00]} 50. Qxg3+ {[%emt 0:00:00]} Ke4 {[%emt 0:00:00]} 51. Qe3+ {[%emt 0:00:00]} Kf5 {[%emt 0:00:00]} 52. e6 {[%emt 0:00:00]} Qxa4 {[%emt 0:00:00]} 53. e7 {[%emt 0:00:00]} 1-0

[Event "10th LCC FIDE Open 2018"]
[Site "London"]
[Date "2018.12.15"]
[Round "8"]
[White "Tozer, Philip A A"]
[Black "Kromhout, Ewan"]
[Result "1-0"]
[WhiteElo "2137"]
[BlackElo "2019"]
[Annotator "TA"]
[PlyCount "129"]
[EventDate "2018.12.09"]
[EventType "swiss"]
[EventCountry "ENG"]
[SourceTitle "playchess.com"]
[Source "ChessBase"]
[SourceQuality "1"]

{[%evp 9,128,8,62,33,76,66,79,72,71,71,81,71,84,69,103,89,97,87,84,71,123,112,244,221,288,268,296,227,239,240,236,218,247,241,275,275,283,220,416,422,425,422,468,456,436,464,403,366,477,456,593,616,522,439,429,275,294,260,269,271,404,287,285,278,281,239,239,239,431,417,707,694,685,677,627,573,562,527,527,523,500,484,544,522,778,777,771,685,766,631,775,0,702,625,966,965,939,912,854,825,29975,29976,29979,29980,29982,29977,29978,29979,29979,29978,29980,29981,29981,29982,29981,29981,29987,29988,29998,29999,29999]} 1. c4 e6 2. g3 d5 3. Bg2 Nf6 4. Nf3 dxc4 5. Na3 Bd7 $146 ({Black should play} 5... Bxa3 $11 6. bxa3 b5) ({Predecessor:} 5... a6 6. Nxc4 b5 7. Nce5 Nd5 8. d4 Be7 9. a4 Bb7 10. axb5 axb5 11. Rxa8 Bxa8 12. Qb3 Nb4 13. Nxf7 {½-½ (24) Grischuk,A (2766)-Karjakin,S (2782) Paris 2018}) 6. Ne5 {A13: English Opening: 1...e6} Bc6 7. Nxc6 Nxc6 8. Nxc4 {White is better.} Nd5 9. O-O Qd7 10. d4 {[%cal Bd2d4,Bd4d5][%mdl 32]} Rd8 11. e4 Ndb4 12. d5 $1 exd5 13. exd5 Nxd5 14. Qh5 {[#] Threatens to win with Re1+.} Nf6 (14... Nd4 $142) 15. Qb5 $36 {[%mdl 2048] Keeping Black busy.} Bd6 (15... Nd4 $16 16. Qxb7 c5) 16. Qxb7 $18 Nd4 17. Qxa7 Ne2+ 18. Kh1 {[#] Qe3+ is the strong threat.} O-O 19. Nxd6 Qxd6 20. Bg5 Rfe8 21. a4 {[%cal Ba2a4,Ba4a5,Ba5a6][%mdl 32]} Rb8 22. Bxf6 Qxf6 23. Qxc7 Qxb2 $2 (23... Rec8 {is a better defense.} 24. Qa7 Qxb2) 24. a5 Rec8 25. Qd6 Nc3 26. a6 Nb5 27. Qf4 Na7 28. Be4 {Hoping for Rfb1.} Qe2 29. Bb7 Rd8 30. Rfe1 Qb2 31. Qe3 Qd4 32. Qxd4 Rxd4 33. Rac1 Kf8 34. Rc7 Nb5 (34... Re8 {keeps fighting.}) 35. Rce7 Rd6 36. Kg2 g6 37. R7e3 Na7 38. Rc1 Rb6 $2 (38... Re8 39. Ra3 Re7) 39. Rc7 Nb5 (39... Re8 $142 40. Rd3 Rbe6) 40. Rd7 Rf6 41. Rf3 Rxf3 42. Bxf3 {[%mdl 4096] Endgame KRB-KRN} Rb6 43. a7 Nxa7 44. Rxa7 {KRB-KR} Rd6 45. Be2 Rd4 46. Kf3 h5 47. Ke3 Rb4 48. h4 Kg7 49. Rd7 Kf6 50. Ra7 $2 (50. Rc7 $18 Ke6 51. Bd3) 50... Ke6 $2 {[%mdl 8192]} (50... Kg7 $11 51. Rc7 Rb3+ 52. Kf4 Rb4+ 53. Ke3 Rb3+ 54. Kf4 Rb4+ 55. Ke3) 51. Bd3 f5 52. Ra6+ Kf7 53. Rc6 Kg7 54. Bc4 Ra4 55. Kf4 {White mates.} Kh6 56. Ke5 Ra5+ 57. Bd5 Rb5 58. Rd6 Kg7 59. Rd7+ Kh6 60. Kf6 Rb6+ 61. Be6 Ra6 62. Re7 Ra4 63. Rg7 Rg4 64. Bg8 {[%csl Gg8][%cal Rg7h7]} g5 65. Rg6# {Accuracy: White = 85%, Black = 39%.} 1-0

[Event "10th LCC FIDE Open 2018"]
[Site "London"]
[Date "2018.12.15"]
[Round "8"]
[White "Eche, Sylvain"]
[Black "Lacasa Diaz, Jose Antonio"]
[Result "0-1"]
[WhiteElo "2136"]
[BlackElo "2389"]
[Annotator "NA"]
[PlyCount "86"]
[EventDate "2018.12.09"]
[EventType "swiss"]
[EventCountry "ENG"]
[SourceTitle "playchess.com"]
[Source "ChessBase"]
[SourceQuality "1"]
[TimeControl "40/5400+30:1800+30"]

1. e4 {[%emt 1:09:34]} c6 {[%emt 0:04:49]} 2. d4 {[%emt 0:00:00]} d5 {[%emt 0:00:09]} 3. exd5 {[%emt 0:00:00]} cxd5 {[%emt 0:00:07]} 4. Bd3 {[%emt 0:00:00]} Nc6 {[%emt 0:00:15]} 5. c3 {[%emt 0:00:00]} Nf6 {[%emt 0:00:16]} 6. Bf4 {[%emt 0:00:00]} Bg4 {[%emt 0:00:27]} 7. Qb3 {[%emt 0:00:00]} Qd7 {[%emt 0:00:13]} 8. Nd2 {[%emt 0:00:00]} e6 {[%emt 0:00:13]} 9. Ngf3 {[%emt 0:00:00]} Bd6 {[%emt 0:00:15]} 10. Ne5 {[%emt 0:00:00]} Qc7 {[%emt 0:01:30]} 11. Nxg4 {[%emt 0:00:00]} Bxf4 {[%emt 0:00:42]} 12. Nxf6+ {[%emt 0:00:00]} gxf6 {[%emt 0:00:07]} 13. Qc2 {[%emt 0:00:00]} h5 {[%emt 0:09:20]} 14. O-O-O {[%emt 0:00:00]} O-O-O {[%emt 0:01:20]} 15. Kb1 {[%emt 0:00:00]} Rdg8 {[%emt 0:10:40]} 16. g3 {[%emt 0:00:00]} Bxd2 {[%emt 0:00:57]} 17. Qxd2 {[%emt 0:00:00]} h4 {[%emt 0:00:50]} 18. Qe3 {[%emt 0:00:00]} f5 {[%emt 0:01:58]} 19. Bb5 {[%emt 0:00:00]} Ne7 {[%emt 0:02:53]} 20. Rc1 {[%emt 0:00:00]} Kb8 {[%emt 0:00:25]} 21. f4 {[%emt 0:00:00]} Nc8 {[%emt 0:14:46]} 22. Bd3 {[%emt 0:00:00]} Nd6 {[%emt 0:01:39]} 23. Rcg1 {[%emt 0:00:00]} Qe7 {[%emt 0:05:34]} 24. a3 {[%emt 0:05:28]} a6 {[%emt 0:05:18]} 25. Ka2 {[%emt 0:00:18]} Rg6 {[%emt 0:06:41]} 26. Bxf5 {[%emt 0:05:36]} Rgh6 {[%emt 0:05:00]} 27. g4 {[%emt 0:03:06]} Nxf5 {[%emt 0:13:43]} 28. gxf5 {[%emt 0:00:09]} Ka7 {[%emt 0:00:05]} 29. Qe5 {[%emt 0:07:00]} Rf6 {[%emt 0:03:30]} 30. Re1 {[%emt 0:02:22]} Rh5 {[%emt 0:00:57]} 31. Qxd5 {[%emt 0:02:04]} Rhxf5 {[%emt 0:00:07]} 32. Qc4 {[%emt 0:01:21]} Rxf4 {[%emt 0:00:11]} 33. Rhg1 {[%emt 0:00:31]} Rf2 {[%emt 0:02:05]} 34. d5 {[%emt 0:04:34]} R6f4 {[%emt 0:00:53]} 35. Qc8 {[%emt 0:02:00]} Ra4 {[%emt 0:02:19]} 36. Kb3 {[%emt 0:01:52]} Ra5 {[%emt 0:02:20]} 37. c4 {[%emt 0:00:49]} Qf6 {[%emt 0:01:38]} 38. Rb1 {[%emt 0:00:55]} exd5 {[%emt 0:03:23]} 39. c5 {[%emt 0:00:49]} Rb5+ {[%emt 0:00:15]} 40. Ka4 {[%emt 0:00:13]} Qd4+ {[%emt 0:01:34]} 41. b4 {[%emt 0:01:54]} Qc4 {[%emt 0:03:39]} 42. Qc7 {[%emt 0:02:59]} Rf3 {[%emt 0:05:04]} 43. Rb2 {[%emt 0:04:07]} Qc3 {[%emt 0:00:24]} 0-1